[Event "43. Olimpiada Batumi 2018 Femenina"]
[Site "Batumi GEO"]
[Date "2018.09.28"]
[Round "5.1"]
[White "Kollari, Hafife"]
[Black "Francis, Onkemetse"]
[Result "0-1"]
[WhiteElo "1437"]
[BlackElo "1779"]
[PlyCount "156"]
[EventDate "2018.09.24"]
[EventType "team-swiss"]
[EventRounds "11"]
[EventCountry "GEO"]
[SourceTitle "Ajedrez en Madrid"]
[Source "lmi"]
[SourceDate "2018.09.24"]
[WhiteTeam "Kosovo"]
[BlackTeam "Botswana"]
[WhiteTeamCountry "KOS"]
[BlackTeamCountry "BOT"]

1. e4 e5 2. Nf3 Nc6 3. d4 exd4 4. Bc4 Nf6 5. O-O Bc5 6. Bg5 d6 7. c3 dxc3 8.
Nxc3 h6 9. Bh4 Bg4 10. h3 Bxf3 11. Qxf3 g5 12. Bg3 Nd4 13. Qd1 a6 14. Re1 O-O
15. e5 Ne8 16. Qd3 Ne6 17. Bxe6 fxe6 18. Qg6+ Ng7 19. Ne4 Rf7 20. Nf6+ Kf8 21.
Rad1 d5 22. Qxh6 b5 23. Qxg5 Nf5 24. Bh4 Rg7 25. Qh5 Nxh4 26. Qxh4 Be7 27. Qh8+
Kf7 28. Qxd8 Rxd8 29. Nh5 Rg5 30. Ng3 c5 31. b3 c4 32. bxc4 bxc4 33. Rb1 Bc5
34. Kf1 Rd7 35. Nh1 Rf5 36. f3 Bd4 37. Nf2 Rxe5 38. Rxe5 Bxe5 39. Ng4 Bd6 40.
Rb6 c3 41. Rc6 Rb7 42. Rxc3 Rb1+ 43. Ke2 Rb2+ 44. Kd3 Rxa2 45. Rc2 Rxc2 46.
Kxc2 Kg6 47. Kd3 a5 48. Kd4 a4 49. Ne3 a3 50. Nc2 Kf5 51. h4 a2 52. Ke3 Be5 53.
g4+ Kg6 54. f4 a1=Q 55. Nxa1 Bxa1 56. h5+ Kh6 57. Kd3 e5 58. fxe5 Bxe5 59. Ke3
Kg5 60. Kf3 Bd6 61. Ke3 Bc5+ 62. Kf3 Bd4 63. Kg3 Be5+ 64. Kf3 Kh4 65. h6 Kg5
66. h7 Kg6 67. h8=Q Bxh8 68. Kf4 d4 69. Ke4 Kg5 70. Kf3 Be5 71. Kg2 Kxg4 72.
Kf2 Kf4 73. Ke2 Ke4 74. Ke1 Kd3 75. Kd1 Bf4 76. Ke1 Kc2 77. Ke2 d3+ 78. Ke1 d2+
0-1

[Event "43. Olimpiada Batumi 2018 Femenina"]
[Site "Batumi GEO"]
[Date "2018.09.28"]
[Round "5.2"]
[White "Botlhole, Kgalalelo"]
[Black "Saraci, Ndriqona"]
[Result "1-0"]
[WhiteElo "1719"]
[BlackElo "1263"]
[PlyCount "93"]
[EventDate "2018.09.24"]
[EventType "team-swiss"]
[EventRounds "11"]
[EventCountry "GEO"]
[SourceTitle "Ajedrez en Madrid"]
[Source "lmi"]
[SourceDate "2018.09.24"]
[WhiteTeam "Botswana"]
[BlackTeam "Kosovo"]
[WhiteTeamCountry "BOT"]
[BlackTeamCountry "KOS"]

1. d4 d5 2. Nf3 Nf6 3. g3 e6 4. Bg2 Be7 5. c4 dxc4 6. Qa4+ Nbd7 7. Qxc4 O-O 8.
O-O Re8 9. Nc3 a6 10. Bf4 c6 11. Rfd1 Nd5 12. Bd2 N7f6 13. Ne5 Nxc3 14. Bxc3
Nd5 15. Bd2 f6 16. Nf3 Bd6 17. Rac1 Qb6 18. e4 Ne7 19. Qc2 Ng6 20. Be3 Qc7 21.
Qb3 Kh8 22. d5 exd5 23. exd5 c5 24. Qc2 Qf7 25. Bxc5 Rd8 26. Bb6 Re8 27. Bc5
Rd8 28. Bxd6 Rxd6 29. Nd4 h6 30. Qc5 Rd8 31. Qc7 Qxc7 32. Rxc7 Ne5 33. a3 Rd7
34. Rdc1 Nd3 35. Rxc8+ Rxc8 36. Rxc8+ Kh7 37. Be4+ g6 38. Bxd3 Rxd5 39. Rc7+
Kh8 40. Bxg6 Rxd4 41. Rxb7 Rd6 42. Kg2 Kg8 43. b4 Rc6 44. a4 Rd6 45. b5 axb5
46. axb5 Rd5 47. Bf7+ 1-0

[Event "43. Olimpiada Batumi 2018 Femenina"]
[Site "Batumi GEO"]
[Date "2018.09.28"]
[Round "5.1"]
[White "Vazquez Maccarini, Danitza"]
[Black "Mutesi, Phiona"]
[Result "1-0"]
[WhiteElo "2082"]
[BlackElo "1637"]
[PlyCount "55"]
[EventDate "2018.09.24"]
[EventType "team-swiss"]
[EventRounds "11"]
[EventCountry "GEO"]
[SourceTitle "Ajedrez en Madrid"]
[Source "lmi"]
[SourceDate "2018.09.24"]
[WhiteTeam "Puerto Rico"]
[BlackTeam "Uganda"]
[WhiteTeamCountry "PUR"]
[BlackTeamCountry "UGA"]

1. e4 e6 2. d4 d5 3. Nd2 Nf6 4. e5 Nfd7 5. Bd3 c5 6. c3 Nc6 7. Ne2 f6 8. exf6
Nxf6 9. O-O Bd6 10. Nf3 O-O 11. Bf4 Bxf4 12. Nxf4 cxd4 13. cxd4 Qd6 14. g3 Bd7
15. Re1 Rae8 16. Ne5 Nd8 17. Qc2 Nc6 18. Rad1 Nxd4 19. Bxh7+ Nxh7 20. Rxd4 Bc8
21. Neg6 Rf5 22. Qxf5 e5 23. Rxe5 Bxf5 24. Rxe8+ Kf7 25. Re7+ Kg8 26. Rxd5 Qb6
27. Rxf5 Nf6 28. Re8+ 1-0

[Event "43. Olimpiada Batumi 2018 Femenina"]
[Site "Batumi GEO"]
[Date "2018.09.28"]
[Round "5.2"]
[White "Namaganda, Christine"]
[Black "Comas Colon, Rinelly M"]
[Result "0-1"]
[WhiteElo "1581"]
[BlackElo "1720"]
[PlyCount "60"]
[EventDate "2018.09.24"]
[EventType "team-swiss"]
[EventRounds "11"]
[EventCountry "GEO"]
[SourceTitle "Ajedrez en Madrid"]
[Source "lmi"]
[SourceDate "2018.09.24"]
[WhiteTeam "Uganda"]
[BlackTeam "Puerto Rico"]
[WhiteTeamCountry "UGA"]
[BlackTeamCountry "PUR"]

1. d4 g6 2. Nf3 Bg7 3. Bf4 c5 4. e3 Nf6 5. c3 cxd4 6. exd4 d5 7. Bd3 O-O 8.
Nbd2 Nc6 9. Ne5 Nxe5 10. Bxe5 a6 11. f3 b5 12. g4 Nd7 13. Bxg7 Kxg7 14. Qb3 Nb6
15. h4 Qd6 16. O-O-O h6 17. h5 g5 18. Qc2 b4 19. c4 dxc4 20. Bxc4 Nxc4 21. Qe4
Be6 22. Nxc4 Bxc4 23. b3 Bd5 24. Qe3 Rac8+ 25. Kb2 Rc3 26. Rd3 Rfc8 27. Re1
Rc2+ 28. Kb1 Qh2 29. Qe5+ Qxe5 30. dxe5 e6 0-1

[Event "43. Olimpiada Batumi 2018 Femenina"]
[Site "Batumi GEO"]
[Date "2018.09.28"]
[Round "5.3"]
[White "Vega Jimenez, Keyshla M"]
[Black "Nakabo, Peninah"]
[Result "1-0"]
[WhiteElo "1683"]
[BlackElo "1581"]
[PlyCount "93"]
[EventDate "2018.09.24"]
[EventType "team-swiss"]
[EventRounds "11"]
[EventCountry "GEO"]
[SourceTitle "Ajedrez en Madrid"]
[Source "lmi"]
[SourceDate "2018.09.24"]
[WhiteTeam "Puerto Rico"]
[BlackTeam "Uganda"]
[WhiteTeamCountry "PUR"]
[BlackTeamCountry "UGA"]

1. e4 c6 2. d4 d5 3. exd5 cxd5 4. Bd3 Nc6 5. c3 Nf6 6. Bf4 Bg4 7. Qb3 Qb6 8.
Qxb6 axb6 9. Nd2 g6 10. Ngf3 Bg7 11. h3 Bc8 12. O-O O-O 13. Rfe1 Bf5 14. Bf1
Rfc8 15. Ne5 Nxe5 16. Bxe5 g5 17. g4 Bg6 18. Bg2 e6 19. f4 gxf4 20. Bxf4 b5 21.
a3 Ra6 22. Bf1 Rb6 23. Nf3 Nd7 24. Ne5 Nb8 25. h4 Be4 26. Bg2 Bxg2 27. Kxg2
Bxe5 28. Bxe5 h6 29. Rf1 Rf8 30. Rf6 Nd7 31. Rxh6 Nxe5 32. dxe5 Kg7 33. Rf6 Ra6
34. Raf1 b6 35. g5 Ra7 36. Kg3 Rd7 37. R1f4 Rc8 38. h5 Rc4 39. g6 Rxf4 40. Kxf4
fxg6 41. Rxg6+ Kf7 42. Rf6+ Ke7 43. Rh6 Rd8 44. Rh7+ Kf8 45. Rh8+ Ke7 46. Rxd8
Kxd8 47. h6 1-0

[Event "43. Olimpiada Batumi 2018 Femenina"]
[Site "Batumi GEO"]
[Date "2018.09.28"]
[Round "5.4"]
[White "Nansubuga, Gloria"]
[Black "Maldonado Polo, Mariangeli"]
[Result "1-0"]
[WhiteElo "1415"]
[BlackElo "1274"]
[PlyCount "105"]
[EventDate "2018.09.24"]
[EventType "team-swiss"]
[EventRounds "11"]
[EventCountry "GEO"]
[SourceTitle "Ajedrez en Madrid"]
[Source "lmi"]
[SourceDate "2018.09.24"]
[WhiteTeam "Uganda"]
[BlackTeam "Puerto Rico"]
[WhiteTeamCountry "UGA"]
[BlackTeamCountry "PUR"]

1. d4 Nf6 2. Nf3 e6 3. Nc3 d5 4. Bg5 Be7 5. a3 h6 6. Bf4 O-O 7. Nb5 Na6 8. e3
b6 9. Nc3 Bb7 10. Ne5 c5 11. Ng4 Rc8 12. Qf3 Nxg4 13. Qxg4 Bg5 14. Bxg5 Qxg5
15. Qxg5 hxg5 16. h4 gxh4 17. Rxh4 g6 18. O-O-O Kg7 19. Nb5 cxd4 20. Nd6 Rc7
21. Nxb7 Rxb7 22. Bxa6 Rbb8 23. exd4 b5 24. a4 bxa4 25. c3 Rb3 26. Rd2 a3 27.
bxa3 Rxa3 28. Bd3 Rxc3+ 29. Kd1 Rfc8 30. Ke2 Ra3 31. Rc2 Rxc2+ 32. Bxc2 a5 33.
Rh3 Ra1 34. Rb3 a4 35. Rb1 Rxb1 36. Bxb1 Kf6 37. Kd3 e5 38. Kc3 Ke6 39. dxe5
Kxe5 40. Kb4 Kd4 41. Kxa4 Kc3 42. Ba2 d4 43. Bxf7 g5 44. g3 d3 45. Bh5 d2 46.
Bd1 Kc4 47. Ka3 Kc3 48. Ka2 Kd4 49. Kb2 Kd3 50. Kb3 Kd4 51. Kc2 Ke4 52. Kxd2
Kd4 53. Bc2 1-0

[Event "43. Olimpiada Batumi 2018 Femenina"]
[Site "Batumi GEO"]
[Date "2018.09.28"]
[Round "5.1"]
[White "Perez Rodriguez, Jennifer"]
[Black "Johnson, Daijah"]
[Result "1-0"]
[WhiteElo "2159"]
[BlackElo "1452"]
[PlyCount "81"]
[EventDate "2018.09.24"]
[EventType "team-swiss"]
[EventRounds "11"]
[EventCountry "GEO"]
[SourceTitle "Ajedrez en Madrid"]
[Source "lmi"]
[SourceDate "2018.09.24"]
[WhiteTeam "Paraguay"]
[BlackTeam "Bahamas"]
[WhiteTeamCountry "PAR"]
[BlackTeamCountry "BAH"]

1. e4 c5 2. c3 e6 3. d4 d5 4. exd5 exd5 5. Nf3 Nc6 6. Bb5 Nf6 7. O-O h6 8. Re1+
Be6 9. Nbd2 c4 10. b3 cxb3 11. axb3 Be7 12. Ne5 Qc7 13. Ng6 fxg6 14. Rxe6 Kf7
15. Re1 a6 16. Bd3 g5 17. Nf3 Bd6 18. g3 Rae8 19. Be3 Rhf8 20. Kg2 g6 21. Qc2
Ne7 22. c4 Qb8 23. Bd2 Kg7 24. Re6 g4 25. Nh4 g5 26. Nf5+ Nxf5 27. Bxf5 Rxe6
28. Bxe6 dxc4 29. bxc4 b6 30. Kg1 a5 31. c5 Be7 32. Rb1 Qb7 33. Rxb6 Qf3 34.
Rb3 Qe4 35. Qxe4 Nxe4 36. Be3 h5 37. c6 a4 38. Rb7 Kf6 39. d5 Nd6 40. Bd4+ Kg6
41. Rxe7 1-0

[Event "43. Olimpiada Batumi 2018 Femenina"]
[Site "Batumi GEO"]
[Date "2018.09.28"]
[Round "5.1"]
[White "Jambo, Linda"]
[Black "Plaza Reino, Mercedes"]
[Result "0-1"]
[WhiteElo "1482"]
[BlackElo "1727"]
[PlyCount "88"]
[EventDate "2018.09.24"]
[EventType "team-swiss"]
[EventRounds "11"]
[EventCountry "GEO"]
[SourceTitle "Ajedrez en Madrid"]
[Source "lmi"]
[SourceDate "2018.09.24"]
[WhiteTeam "Malawi"]
[BlackTeam "Ireland"]
[WhiteTeamCountry "MWI"]
[BlackTeamCountry "IRL"]

1. e4 c5 2. Nf3 e6 3. Be2 a6 4. O-O Qc7 5. b3 b5 6. Bb2 Bb7 7. e5 Nc6 8. Re1
Nge7 9. Na3 Nf5 10. c4 b4 11. Nc2 Be7 12. Bf1 O-O 13. d4 cxd4 14. Ncxd4 Nfxd4
15. Bxd4 Nxd4 16. Nxd4 d6 17. exd6 Bxd6 18. h3 Rad8 19. Qg4 h5 20. Qd1 Be5 21.
Qxh5 Bxd4 22. Rad1 Qc5 23. Qxc5 Bxc5 24. Rxd8 Rxd8 25. Re5 Bd4 26. Re2 Kf8 27.
g4 Ke7 28. Bg2 Bxg2 29. Kxg2 Bc3 30. Kf3 Rd2 31. Rxd2 Bxd2 32. Ke4 Kd6 33. f3
Bg5 34. f4 Bh4 35. Kd4 Bf6+ 36. Ke4 Kc5 37. g5 Bb2 38. h4 g6 39. Kd3 Bc3 40.
Ke4 a5 41. Kd3 Be1 42. Ke4 Kd6 43. Kd4 Bf2+ 44. Ke4 Bxh4 0-1

[Event "43. Olimpiada Batumi 2018 Femenina"]
[Site "Batumi GEO"]
[Date "2018.09.28"]
[Round "5.2"]
[White "Lowry-O`Reilly, Hannah"]
[Black "Nkhoma, Desiderata"]
[Result "1-0"]
[WhiteElo "1716"]
[BlackElo "1502"]
[PlyCount "90"]
[EventDate "2018.09.24"]
[EventType "team-swiss"]
[EventRounds "11"]
[EventCountry "GEO"]
[SourceTitle "Ajedrez en Madrid"]
[Source "lmi"]
[SourceDate "2018.09.24"]
[WhiteTeam "Ireland"]
[BlackTeam "Malawi"]
[WhiteTeamCountry "IRL"]
[BlackTeamCountry "MWI"]

1. d4 Nf6 2. Nf3 d6 3. e3 g6 4. c4 Bg7 5. Be2 O-O 6. Nbd2 c5 7. O-O cxd4 8.
exd4 Nc6 9. d5 Nb4 10. a3 Na6 11. Ra2 Nc5 12. b4 Nce4 13. Bb2 Bf5 14. Nxe4 Nxe4
15. Bxg7 Kxg7 16. Qd4+ Kg8 17. g4 e5 18. dxe6 fxe6 19. gxf5 exf5 20. Bd3 Qd7
21. h4 Rae8 22. Re2 f4 23. Bxe4 Qg4+ 24. Kh2 g5 25. Bd5+ Re6 26. Bxe6+ Qxe6 27.
Rxe6 g4 28. Nd2 b6 29. Qxd6 a5 30. Qxf8+ Kxf8 31. Ne4 b5 32. Nd6 axb4 33. axb4
bxc4 34. b5 h5 35. Ne4 Kf7 36. Ra6 Ke7 37. Nd6 Kd7 38. Nxc4 Kc7 39. Ne3 Kb7 40.
Nf5 Kc7 41. Rc1+ Kb8 42. Re1 g3+ 43. fxg3 fxg3+ 44. Kxg3 Kc8 45. Re7 Kb8 1-0

[Event "43. Olimpiada Batumi 2018 Femenina"]
[Site "Batumi GEO"]
[Date "2018.09.28"]
[Round "5.3"]
[White "Mpinganjira, Ellen"]
[Black "Ui Laighleis, Gearoidin"]
[Result "0-1"]
[WhiteElo "1412"]
[BlackElo "1791"]
[PlyCount "132"]
[EventDate "2018.09.24"]
[EventType "team-swiss"]
[EventRounds "11"]
[EventCountry "GEO"]
[SourceTitle "Ajedrez en Madrid"]
[Source "lmi"]
[SourceDate "2018.09.24"]
[WhiteTeam "Malawi"]
[BlackTeam "Ireland"]
[WhiteTeamCountry "MWI"]
[BlackTeamCountry "IRL"]

1. e4 e5 2. Nf3 Nc6 3. Bb5 d6 4. d3 Nf6 5. h3 Bd7 6. Nc3 Be7 7. O-O O-O 8. Bd2
h6 9. Ne2 a6 10. Bc4 Qc8 11. Kh2 Be6 12. Bb3 Bxb3 13. axb3 Qd8 14. Ng3 Nh7 15.
Nf5 Bf6 16. Kg1 Ne7 17. Nxe7+ Qxe7 18. Nh2 Ng5 19. Qg4 Qe6 20. Qg3 Kh8 21. f4
exf4 22. Rxf4 Be5 23. Raf1 Bxf4 24. Bxf4 Qg6 25. Bd2 Ne6 26. Qf2 Ng5 27. Bxg5
Qxg5 28. Nf3 Qc5 29. d4 Qc6 30. d5 Qb6 31. Qxb6 cxb6 32. Nd4 g6 33. Rf6 Rad8
34. c4 Kg7 35. Rf1 Rde8 36. Re1 Re7 37. Kf2 Rfe8 38. Kf3 Kg8 39. g4 Re5 40. h4
Rc8 41. Re2 Rc5 42. Rc2 Ra5 43. b4 Ra1 44. Re2 Rd1 45. Nc2 Rf1+ 46. Kg3 f5 47.
gxf5 gxf5 48. Kg2 Rf4 49. Kh3 Rfxe4 50. Rg2+ Kh7 51. b3 f4 52. Rf2 Re2 53. Rxe2
Rxe2 54. Nd4 Rd2 55. Nf3 Rd3 56. Kg4 Rxb3 57. Kxf4 Rxb4 58. Nd2 b5 59. Kf5 bxc4
60. Ne4 c3 61. Nxc3 Rxh4 62. Ke6 b5 63. Kxd6 Rd4 64. Kc5 Rc4+ 65. Kd6 Rxc3 66.
Ke5 Rd3 0-1

[Event "43. Olimpiada Batumi 2018 Femenina"]
[Site "Batumi GEO"]
[Date "2018.09.28"]
[Round "5.4"]
[White "Ni Mhuireagain, Eibhia"]
[Black "Ngugama, Magret"]
[Result "1-0"]
[WhiteElo "1655"]
[BlackElo "1306"]
[PlyCount "92"]
[EventDate "2018.09.24"]
[EventType "team-swiss"]
[EventRounds "11"]
[EventCountry "GEO"]
[SourceTitle "Ajedrez en Madrid"]
[Source "lmi"]
[SourceDate "2018.09.24"]
[WhiteTeam "Ireland"]
[BlackTeam "Malawi"]
[WhiteTeamCountry "IRL"]
[BlackTeamCountry "MWI"]

1. e4 e5 2. Nf3 Nc6 3. Bc4 Be7 4. d4 exd4 5. Nxd4 Na5 6. Bxf7+ Kxf7 7. Qh5+ g6
8. Qxa5 Nf6 9. e5 b6 10. Qc3 Nd5 11. Qf3+ Kg7 12. Qxd5 c6 13. Qb3 Rf8 14. Qe3
Kg8 15. O-O Bb7 16. Nc3 a6 17. Rd1 Qc7 18. e6 d5 19. Qg3 Bd6 20. Qh4 Be7 21.
Bg5 Bxg5 22. Qxg5 Rae8 23. Re1 Re7 24. Qe5 Qd8 25. Rad1 c5 26. Nf3 Rf5 27. Qg3
Bc8 28. Nh4 Rh5 29. Re5 Rxe5 30. Qxe5 d4 31. Qf6 Bxe6 32. h3 Qd7 33. Qf4 Qd8
34. Ne4 Kg7 35. Qe5+ Kf8 36. Qh8+ Bg8 37. Nf6 Rg7 38. Nxg8 Qxh4 39. Nh6+ Ke7
40. Qxg7+ Kd6 41. Nf7+ Kc6 42. Re1 Qh5 43. Qf6+ Kb5 44. Nd6+ Ka4 45. Qe6 b5 46.
Qe5 Ka5 1-0

[Event "43. Olimpiada Batumi 2018 Femenina"]
[Site "Batumi GEO"]
[Date "2018.09.28"]
[Round "5.1"]
[White "Faqeeh, Rahaf"]
[Black "Bejatovic, Bojana"]
[Result "0-1"]
[WhiteElo "1400"]
[BlackElo "2057"]
[PlyCount "98"]
[EventDate "2018.09.24"]
[EventType "team-swiss"]
[EventRounds "11"]
[EventCountry "GEO"]
[SourceTitle "Ajedrez en Madrid"]
[Source "lmi"]
[SourceDate "2018.09.24"]
[WhiteTeam "Palestine"]
[BlackTeam "FYR Macedonia"]
[WhiteTeamCountry "PLE"]

1. c4 e5 2. g3 Nf6 3. Nf3 Nc6 4. Bg2 Bc5 5. O-O d6 6. Nc3 a5 7. d3 h6 8. Rb1
O-O 9. a3 Bf5 10. Nd2 Qd7 11. Re1 Bh3 12. Bh1 Ng4 13. Nde4 Ba7 14. e3 f5 15.
Nd2 f4 16. Nf3 Ne7 17. d4 fxe3 18. Bxe3 Nxe3 19. Rxe3 Nf5 20. Rd3 exd4 21. Nb5
Bb6 22. Rc1 Bg4 23. Ne5 dxe5 24. Qxg4 c6 25. Be4 cxb5 26. Rf3 h5 27. Qxh5 Nh6
28. Qg6 Rxf3 29. Bxf3 Bc5 30. Bd5+ Kf8 31. Qh7 Nf7 32. Re1 Bd6 33. Rd1 bxc4 34.
Bxc4 Rc8 35. Bb3 a4 36. Ba2 Qg4 37. Rd2 Rc1+ 38. Kg2 Qf3+ 39. Kxf3 Ng5+ 40. Kg4
Nxh7 41. f4 Nf6+ 42. Kf5 Rc5 43. fxe5 Bxe5 44. Kg6 Ne4 45. Rd3 Bf6 46. h4 Rc2
47. Bd5 Nc5 48. b4 Nxd3 49. Bxb7 Ne5+ 0-1

[Event "43. Olimpiada Batumi 2018 Femenina"]
[Site "Batumi GEO"]
[Date "2018.09.28"]
[Round "5.3"]
[White "Albzoor, Anwar"]
[Black "Nikolovska, Dragana"]
[Result "1-0"]
[WhiteElo "1595"]
[BlackElo "1856"]
[PlyCount "117"]
[EventDate "2018.09.24"]
[EventType "team-swiss"]
[EventRounds "11"]
[EventCountry "GEO"]
[SourceTitle "Ajedrez en Madrid"]
[Source "lmi"]
[SourceDate "2018.09.24"]
[WhiteTeam "Palestine"]
[BlackTeam "FYR Macedonia"]
[WhiteTeamCountry "PLE"]

1. Nf3 c5 2. c4 g6 3. g3 Bg7 4. Bg2 Nc6 5. Nc3 d6 6. O-O e6 7. Rb1 Nge7 8. d3
b6 9. Bd2 Bb7 10. a3 Qd7 11. b4 O-O 12. Qb3 Rad8 13. bxc5 dxc5 14. Ne4 Ba8 15.
a4 f5 16. Nc3 e5 17. Rfd1 e4 18. dxe4 Nd4 19. Nxd4 cxd4 20. Bf4 Qe6 21. Nb5
fxe4 22. Nxa7 Qf5 23. Rf1 Qc5 24. Qxb6 Qxc4 25. Qb3 Qxb3 26. Rxb3 Rfe8 27. Nb5
Nf5 28. Nc7 Re7 29. Bg5 Rxc7 30. Bxd8 Rc2 31. Re1 Bd5 32. Rb8 Ra2 33. a5 Kf7
34. h4 h5 35. Bb6 Be5 36. Rc8 Nd6 37. Rc5 Ke6 38. Bh3+ Nf5 39. Bg2 Nd6 40. Bh3+
Nf5 41. Bf1 Bd6 42. Rb5 Bc4 43. Rbb1 Ba6 44. Bd8 Bc5 45. Bb6 Bd6 46. Ra1 Rb2
47. Reb1 Rxb1 48. Rxb1 Kd5 49. Ba7 Bc7 50. Rb4 d3 51. exd3 exd3 52. Bg2+ Ke5
53. Bf3 Ne7 54. Bb8 Bxb8 55. Rxb8 Nd5 56. Re8+ Kd4 57. Rd8 Bc4 58. a6 Kc5 59.
a7 1-0

[Event "43. Olimpiada Batumi 2018 Femenina"]
[Site "Batumi GEO"]
[Date "2018.09.28"]
[Round "5.4"]
[White "Petrovska, Katerina"]
[Black "Faqeeh, Aseel"]
[Result "1-0"]
[WhiteElo "1966"]
[BlackElo "1432"]
[PlyCount "61"]
[EventDate "2018.09.24"]
[EventType "team-swiss"]
[EventRounds "11"]
[EventCountry "GEO"]
[SourceTitle "Ajedrez en Madrid"]
[Source "lmi"]
[SourceDate "2018.09.24"]
[WhiteTeam "FYR Macedonia"]
[BlackTeam "Palestine"]
[BlackTeamCountry "PLE"]

1. e4 e6 2. d4 d5 3. Bd3 c5 4. exd5 exd5 5. Nf3 Nc6 6. O-O Nf6 7. Re1+ Be6 8.
Bf5 Qd7 9. Bxe6 fxe6 10. Ng5 Ne4 11. Nxe4 dxe4 12. Rxe4 cxd4 13. Qe2 e5 14. Bf4
Bd6 15. Nd2 O-O 16. Bg3 Rae8 17. Nc4 a6 18. Re1 Qc7 19. Nxd6 Qxd6 20. Qc4+ Kh8
21. f4 b5 22. Qe2 Rf5 23. fxe5 Qc5 24. Kh1 h5 25. e6 Nb4 26. Re5 Rxe5 27. Bxe5
Nxc2 28. Qxh5+ Kg8 29. Qxe8+ Kh7 30. Qh5+ Kg8 31. Qf7+ 1-0

[Event "43. Olimpiada Batumi 2018 Femenina"]
[Site "Batumi GEO"]
[Date "2018.09.28"]
[Round "5.1"]
[White "Varona-Thomas, Maria"]
[Black "Marzouk, Amira"]
[Result "1-0"]
[WhiteElo "1739"]
[BlackElo "1745"]
[PlyCount "63"]
[EventDate "2018.09.24"]
[EventType "team-swiss"]
[EventRounds "11"]
[EventCountry "GEO"]
[SourceTitle "Ajedrez en Madrid"]
[Source "lmi"]
[SourceDate "2018.09.24"]
[WhiteTeam "Guyana"]
[BlackTeam "Tunisia"]
[WhiteTeamCountry "GUY"]
[BlackTeamCountry "TUN"]

1. d4 Nf6 2. Nf3 e6 3. e3 b6 4. Bd3 Bb7 5. O-O Be7 6. Nbd2 d6 7. e4 O-O 8. Qe2
c5 9. c3 Nc6 10. e5 dxe5 11. dxe5 Nd7 12. Nc4 Qc7 13. Re1 Rfd8 14. a4 Nf8 15.
Bf4 Rd7 16. Rad1 Rad8 17. Bg3 Ng6 18. h4 Bf8 19. Ng5 Be7 20. Nf3 Nf8 21. h5 h6
22. Nh2 Rb8 23. Ng4 Qd8 24. Bc2 Bh4 25. Nxh6+ gxh6 26. Qg4+ Bg5 27. Rxd7 Nxd7
28. f4 Ne7 29. fxg5 hxg5 30. Qxg5+ Kf8 31. Qh6+ Kg8 32. Bh7+ 1-0

[Event "43. Olimpiada Batumi 2018 Femenina"]
[Site "Batumi GEO"]
[Date "2018.09.28"]
[Round "5.2"]
[White "Miladi, Amen"]
[Black "Ali, Sheriffa"]
[Result "1-0"]
[WhiteElo "1702"]
[BlackElo "1365"]
[PlyCount "47"]
[EventDate "2018.09.24"]
[EventType "team-swiss"]
[EventRounds "11"]
[EventCountry "GEO"]
[SourceTitle "Ajedrez en Madrid"]
[Source "lmi"]
[SourceDate "2018.09.24"]
[WhiteTeam "Tunisia"]
[BlackTeam "Guyana"]
[WhiteTeamCountry "TUN"]
[BlackTeamCountry "GUY"]

1. e4 e5 2. Nf3 Nc6 3. Bc4 Be7 4. c3 Nf6 5. d3 h6 6. Nbd2 O-O 7. O-O d5 8. Bb3
Bg4 9. Re1 Re8 10. h3 Bh5 11. Qc2 Bf8 12. exd5 Nxd5 13. d4 Bg6 14. Qd1 e4 15.
Nh4 Nxc3 16. Qg4 Nd5 17. Nxg6 fxg6 18. Qxg6 Kh8 19. Rxe4 Rxe4 20. Nxe4 Nf6 21.
Bxh6 Nxe4 22. Bxg7+ Bxg7 23. Qh5+ Bh6 24. Qxh6# 1-0

[Event "43. Olimpiada Batumi 2018 Femenina"]
[Site "Batumi GEO"]
[Date "2018.09.28"]
[Round "5.3"]
[White "Johnson, Nellisha"]
[Black "Meddeb, Chadha"]
[Result "0-1"]
[WhiteElo "1123"]
[BlackElo "1619"]
[PlyCount "104"]
[EventDate "2018.09.24"]
[EventType "team-swiss"]
[EventRounds "11"]
[EventCountry "GEO"]
[SourceTitle "Ajedrez en Madrid"]
[Source "lmi"]
[SourceDate "2018.09.24"]
[WhiteTeam "Guyana"]
[BlackTeam "Tunisia"]
[WhiteTeamCountry "GUY"]
[BlackTeamCountry "TUN"]

1. e4 d5 2. exd5 Qxd5 3. Nc3 Qd6 4. d4 Nf6 5. Nf3 Bg4 6. Be2 c6 7. O-O Nbd7 8.
h3 h5 9. h4 e6 10. Re1 Be7 11. Bg5 Bxf3 12. Bxf3 Nb6 13. Ne4 Nxe4 14. Bxe7 Qxe7
15. Rxe4 O-O-O 16. g3 g6 17. c3 Nc4 18. b3 Nd6 19. Re2 g5 20. hxg5 Qxg5 21. Qd2
Qf6 22. Qf4 Qxf4 23. gxf4 Nf5 24. Kf1 h4 25. Bg2 h3 26. Bh1 h2 27. Ke1 Rdg8 28.
Kd2 Rg1 29. Ree1 Rhg8 30. Be4 Nd6 31. Bh1 Kd7 32. Kd3 Rxe1 33. Rxe1 Rg1 34. Kd2
Nb5 35. f5 Nxc3 36. fxe6+ fxe6 37. Bf3 Nxa2 38. Bh1 Nb4 39. f4 Nd5 40. Bf3 Nxf4
41. Rd1 Nd3 42. Ke2 Nf4+ 43. Kd2 Ng2 44. Bxg2 Rxg2+ 45. Ke3 Rg1 46. Rd3 h1=Q
47. Kf4 Qh2+ 48. Ke4 Qh7+ 49. Ke3 Rg3+ 50. Kf2 Qxd3 51. Ke1 Rg2 52. b4 Qe2# 0-1

[Event "43. Olimpiada Batumi 2018 Femenina"]
[Site "Batumi GEO"]
[Date "2018.09.28"]
[Round "5.1"]
[White "Bekheet, Suhailah"]
[Black "Hernandez Bonilla, Amelia"]
[Result "0-1"]
[WhiteElo "1034"]
[BlackElo "2044"]
[PlyCount "40"]
[EventDate "2018.09.24"]
[EventType "team-swiss"]
[EventRounds "11"]
[EventCountry "GEO"]
[SourceTitle "Ajedrez en Madrid"]
[Source "lmi"]
[SourceDate "2018.09.24"]
[WhiteTeam "Kuwait"]
[BlackTeam "Venezuela"]
[WhiteTeamCountry "KUW"]
[BlackTeamCountry "VEN"]

1. e4 c5 2. Nf3 d6 3. Nc3 Nc6 4. Bb5 Bd7 5. O-O e6 6. d3 Nf6 7. d4 cxd4 8. Nxd4
Be7 9. Qd3 O-O 10. Bh6 gxh6 11. Qg3+ Kh8 12. Nde2 Rg8 13. Qe3 Qf8 14. f4 d5 15.
exd5 Bc5 16. Qxc5 Qxc5+ 17. Rf2 Ng4 18. b4 Qxf2+ 19. Kh1 Nxh2 20. Kxh2 Qxg2#
0-1

[Event "43. Olimpiada Batumi 2018 Femenina"]
[Site "Batumi GEO"]
[Date "2018.09.28"]
[Round "5.2"]
[White "Rovira Contreras, Tairu Manuela"]
[Black "Almeraj, Etedal"]
[Result "1-0"]
[WhiteElo "2033"]
[BlackElo "1062"]
[PlyCount "51"]
[EventDate "2018.09.24"]
[EventType "team-swiss"]
[EventRounds "11"]
[EventCountry "GEO"]
[SourceTitle "Ajedrez en Madrid"]
[Source "lmi"]
[SourceDate "2018.09.24"]
[WhiteTeam "Venezuela"]
[BlackTeam "Kuwait"]
[WhiteTeamCountry "VEN"]
[BlackTeamCountry "KUW"]

1. d4 d5 2. Nf3 Nf6 3. c4 c6 4. e3 Bf5 5. Nc3 Nbd7 6. Bd3 e6 7. cxd5 cxd5 8.
Bxf5 Qa5 9. Bd3 Bd6 10. O-O O-O 11. e4 e5 12. Nxd5 Nxd5 13. exd5 Qxd5 14. dxe5
Nxe5 15. Bxh7+ Kxh7 16. Qxd5 Rad8 17. Nxe5 Bxe5 18. Qxe5 f6 19. Qh5+ Kg8 20.
Qg6 Rd7 21. Bh6 b5 22. Rad1 Rb7 23. Rfe1 Rff7 24. Rd8+ Rf8 25. Rxf8+ Kxf8 26.
Re8# 1-0